Obálka Náhled e-knihy:
Epub
Pro půjčování e-knih musíte být přihlášeni.
Jak si půjčit online?

Triler – Mrazivé leto /

V mestečku Marbella, na juhu Španielska si pätnásťročná Lyra pripadá ako v raji. Až do chvíle, keď zmizne jej spolužiačka Pia. Onedlho Piu nájdu mŕtvu a tak sa z letnej idylky stáva zlý sen. Lyre a jej kamarátom sa zdá, že polícia nekoná dosť pružne, chcú preto prísť vražde na kĺb. Aj keď Lyrina mam...

Celý popis

Uloženo v:
Hlavní autor: Martini, Manuela (Autor)
Médium: E-kniha
Jazyk:Czech
Vydáno: Praha : Albatros Media Slovakia s.r.o., 2016
Tagy:
Žádné tagy
LEADER 01528nam a22002297i 4500
001 310576
007 ta
008 260601s2016 xr ||||| |||| 00| 0 cze d
020 |a 9788080896386 
044 |a xr 
100 1 |a  Martini, Manuela  |4 aut 
245 1 0 |a Triler – Mrazivé leto /  |c  Martini, Manuela 
264 1 |a Praha :  |b Albatros Media Slovakia s.r.o.,  |c 2016 
300 |a 1 online zdroj (176 stran) 
336 |a text  |b txt  |2 rdacontent 
337 |a bez média  |b n  |2 rdamedia 
338 |a online zdroj  |b cr  |2 rdacarrier 
520 2 |a V mestečku Marbella, na juhu Španielska si pätnásťročná Lyra pripadá ako v raji. Až do chvíle, keď zmizne jej spolužiačka Pia. Onedlho Piu nájdu mŕtvu a tak sa z letnej idylky stáva zlý sen. Lyre a jej kamarátom sa zdá, že polícia nekoná dosť pružne, chcú preto prísť vražde na kĺb. Aj keď Lyrina mama netuší, čo jej dcéra podniká, Lyre sa zdá, že sa správa divne: odmieta hovoriť o minulosti, keď Lyrina staršia sestra zomrela pri autonehode. Lenže Lyra je presvedčená, že jej sestra žije. Čo jej matka tají? Aké desivé tajomstvá mali zostať navždy skryté? 
910 |a RBIT002 
998 |d 171069  |a https://core.palmknihy.cz/api/books/171069/cover?fgsphp  |b https://core.palmknihy.cz/api/books/171069/cover/400?z6vet7  |c https://core.palmknihy.cz/api/books/171069/cover/50?r6rrjt  |e   |g 176  |i 9788080896386  |j https://core.palmknihy.cz/api/books/171069/preview.epub  |l   |q 49  |r 1  |s https://www.palmknihy.cz/kniha/171069  |t ebook  |y 2016  |z 1 
999 |d 310574